• 首页
  • 本馆介绍
  • 公告通知
  • 最新文献
  • 馆藏检索
  • 电子资源
  • 读者导购
  • 参考咨询
  • 我的图书馆
  • 登录
  • 详细信息显示
  • 放入我的书架
  • 预约/预借图书
  • 作者相关作品
  • 分类相关作品
  • 丛书相关作品
  • 出版社相关作品

书目信息

  • 表格格式
  • 工作单格式
  • 卡片格式
题名:
兽用生物制品技术
    
 
作者: 王雅华 , 那燕 主编
分册:  
出版信息: 北京   中国农业大学出版社  2014.06
页数: 274页
开本: 26cm
丛书名:
单 册:
中图分类: S859.79-43 , S859.79
科图分类:
主题词: 兽医学--生物制品--高等职业教育--教材
电子资源:
ISBN: 978-7-5655-0944-5
000 01309nam0 2200277 450
001 197
005 20180925103934.57
010    @a978-7-5655-0944-5@dCNY38.00
100    @a20141108d2014 em y0chiy0110 ea
101 0  @achi
102    @aCN@b110000
105    @aa az 000yy
200 1  @a兽用生物制品技术@9shou yong sheng wu zhi pin ji shu@f王雅华,那燕主编
205    @a2版
210    @a北京@c中国农业大学出版社@d2014.06
215    @a274页@c彩照@d26cm
300    @a高等职业教育农业部“十二五”规划教材
320    @a有书目(第274页)
330    @a本教材分为生产、检验、使用和管理四大模块。生产模块包括6个项目,即细菌类疫苗生产;病毒类组织疫苗生产;病毒类细胞疫苗生产;诊断用生物制品生产;治疗用生物制品生产;微生态制剂生产。检验模块包括4个项目,即细菌类疫苗质量检验;病毒类疫苗质量检验;诊断用生物制品质量检验;治疗用生物制品质量检验。使用模块包括3个项目,即预防用生物制品使用;诊断用生物制品使用;治疗用生物制品使用。管理模块包括2个项目,即兽药生产质量管理;兽药经营质量管理。每个项目都配有目标要求、任务训练、知识链接、思考与练习。教材中配备了大量的彩色图片,更加直观。
606 0  @a兽医学@x生物制品@x高等职业教育@j教材
690    @aS859.79-43@v5
690    @aS859.79@v4
701  0 @a王雅华@9wang ya hua@4主编
701  0 @a那燕@9na yan@4主编
801  0 @aCN@b91MARC@c20141108
905    @aMuseLib@dS859.79@e149=2
    
    兽用生物制品技术/王雅华,那燕主编.-2版.-北京:中国农业大学出版社,2014.06
    274页:彩照;26cm
    高等职业教育农业部“十二五”规划教材
    
    ISBN 978-7-5655-0944-5:CNY38.00
    本教材分为生产、检验、使用和管理四大模块。生产模块包括6个项目,即细菌类疫苗生产;病毒类组织疫苗生产;病毒类细胞疫苗生产;诊断用生物制品生产;治疗用生物制品生产;微生态制剂生产。检验模块包括4个项目,即细菌类疫苗质量检验;病毒类疫苗质量检验;诊断用生物制品质量检验;治疗用生物制品质量检验。使用模块包括3个项目,即预防用生物制品使用;诊断用生物制品使用;治疗用生物制品使用。管理模块包括2个项目,即兽药生产质量管理;兽药经营质量管理。每个项目都配有目标要求、任务训练、知识链接、思考与练习。教材中配备了大量的彩色图片,更加直观。
●
相关链接 在E读中查询图书 在五车中查询图书 在当当中查询图书 在豆瓣中查询图书


正题名:兽用生物制品技术     索取号:S859.79/149=2         预约/预借

序号 登录号 条形码 馆藏地/架位号 状态 备注
1 1118719   211187197   第二样本阅览室/ [索取号:S859.79/149=2] 在馆    
2 1118720   211187204   第三借阅区/ [索取号:S859.79/149=2] 在馆    
3 1118721   211187213   第三借阅区/ [索取号:S859.79/149=2] 在馆    
4 1118722   211187222   第三借阅区/ [索取号:S859.79/149=2] 在馆    
5 1118723   211187231   第三借阅区/ [索取号:S859.79/149=2] 在馆    
唐山师范学院图书馆 欢迎您!
大连网信软件有限公司© 版权所有